Lineamientos de políticas de desarrollo urbano para la ciudad de La Romana / (Registro nro. 23620)
[ vista simple ]
| 000 -CABECERA | |
|---|---|
| campo de control de longitud fija | 00677nam a2200157 a 4500 |
| 001 - NÚMERO DE CONTROL | |
| campo de control | 000024126 |
| 005 - FECHA Y HORA DE LA ÚLTIMA TRANSACCIÓN | |
| campo de control | 20200930022735.0 |
| 008 - DATOS DE LONGITUD FIJA--INFORMACIÓN GENERAL | |
| campo de control de longitud fija | 110119s2000 dr 000 0 spa d |
| 040 ## - FUENTE DE LA CATALOGACIÓN | |
| Centro catalogador/agencia de origen | DO-SdBNP |
| Lengua de catalogación | spa |
| Centro/agencia transcriptor | BNPHU |
| 049 ## - FONDOS LOCALES (OCLC) | |
| Fondos de biblioteca | BNPD |
| 110 2# - ENTRADA PRINCIPAL--NOMBRE DE ENTIDAD CORPORATIVA | |
| Nombre de entidad corporativa o nombre de jurisdicción como elemento de entrada | República Dominicana |
| Unidad subordinada | Presidencia de la República Dominicana |
| -- | Consejo Nacional de Asuntos Urbanos |
| 9 (RLIN) | 43929 |
| 245 10 - MENCIÓN DE TÍTULO | |
| Título | Lineamientos de políticas de desarrollo urbano para la ciudad de La Romana / |
| Mención de responsabilidad, etc. | Julio Corral [et.. al ]. |
| 260 ## - PUBLICACIÓN, DISTRIBUCIÓN, ETC. | |
| Lugar de publicación, distribución, etc. | Santiago de los Caballeros, República Dominicana : |
| Nombre del editor, distribuidor, etc. | Pontificia Universidad Catolíca Madre y Maestra, |
| Fecha de publicación, distribución, etc. | 2000. |
| 300 ## - DESCRIPCIÓN FÍSICA | |
| Extensión | 208 p. : |
| Otras características físicas | il.,map., retrs., ; |
| Dimensiones | 28 cm. |
| 700 1# - PUNTO DE ACCESO ADICIONAL--NOMBRE DE PERSONA | |
| Nombre de persona | Correl, Julio |
| 9 (RLIN) | 49546 |
| Estado de retiro | Estado de pérdida | No para préstamo | Código de colección | Localización permanente | Ubicación/localización actual | Ubicación en estantería | Fecha de adquisición | Número de inventario | Total de préstamos | Signatura topográfica completa | Código de barras | Fecha visto por última vez | Precio válido a partir de | Tipo de ítem Koha |
|---|---|---|---|---|---|---|---|---|---|---|---|---|---|---|
| Excluido de préstamo | Patrimonio Dominicano | Patrimonio Dominicano | Patrimonio Dominicano | En catalogación | 19.01.2011 | LF1 | 24126-10 | 25.06.2020 | 25.06.2020 | Libro y Folleto Colección Patrimonio Dominicano |
